| 000 | 00989nam a22002777a 4500 | ||
|---|---|---|---|
| 003 | BD-DhSAU | ||
| 005 | 20181205151641.0 | ||
| 008 | 161006b2017 bg ad||| |||| 00| 0 eng d | ||
| 040 | _aBD-DhSAU | ||
| 082 |
_222 _a630 _bR1377 |
||
| 100 |
_a Razu , Abul Hasan _4Registration No:11-04434 |
||
| 245 |
_aEffect of different level of Fertilizer combination and spacing on the yield of White Maize / _c Razu , Abul Hasan _bMs Thesis |
||
| 260 |
_aDhaka : Sher- e- Bangla Agricultural University : _bDepartment of Agronomy , _c2017 |
||
| 300 |
_ax, 79 p. : _bill. ; _c30 cm. |
||
| 504 | _aIncludes bibliographical references. | ||
| 590 | _aShofi | ||
| 650 | _aAgronomy | ||
| 650 | _aEffect | ||
| 650 | _aFertilizer | ||
| 650 | _aCombination | ||
| 650 | _aWhite Maize | ||
| 700 |
_a Amin , A.K.M. Ruhul _4Supervisor |
||
| 700 |
_a Roy , Tuhin Suvra _4Co-Supervisor |
||
| 856 |
_uhttp://archive.saulibrary.edu.bd:8080/xmlui/handle/123456789/472 _yOnline Access |
||
| 942 |
_2ddc _cTHESIS |
||
| 999 |
_c14422 _d14421 |
||